000
00211 a2200097 4500
001
27736
100
_a
Guthries, W K C
245
_a
Socrates
260
_a
_b
Cambridge University Press
_c
090
_c
18519
_d
18519
942
_a
NUST-CAE
_c
M
_c
9468
999
_c
262809
_d
262809